|
|
|
|
| LEADER |
00000nam a2200000 a 4500 |
| 001 |
vtls001074050 |
| 003 |
SK-MaSNL |
| 005 |
20260301000615.0 |
| 008 |
250414s1993 xo slo |
| 015 |
|
|
|a SNBA1994/02
|
| 020 |
|
|
|a 8007006206
|
| 035 |
|
|
|a SNK000016882
|
| 035 |
|
|
|a urn:nbn:sk:snk-amlgqm
|
| 035 |
|
|
|a urn:nbn:sk:snk-am00bmaq
|
| 035 |
|
|
|a 873797D4-0DDE-4862-A7DD-56B1E8229E09
|
| 035 |
|
|
|a urn:nbn:sk:snk-am00blyj
|
| 035 |
|
|
|a AF22E71A-FC42-4A59-A71F-E1DDCC27EFDA
|
| 040 |
|
|
|a SNK
|b slo
|c SNK
|e AACR2
|
| 041 |
0 |
|
|a slo
|
| 044 |
|
|
|a xo
|c SK
|
| 080 |
|
|
|a 338.4(075.3)
|2 1981
|
| 100 |
1 |
|
|a Babinský, Ján,
|d 1943-
|4 aut
|9 253364
|
| 245 |
1 |
0 |
|a Podnikanie a služby pre 4. ročník SPoŠ
|c Ján Babinský
|
| 250 |
|
|
|a 1. vyd.
|
| 260 |
|
|
|a Bratislava
|b Príroda, a.s.
|c 1993
|
| 300 |
|
|
|a 103 s., 12,97 AH, 13,33 VH
|b Sch., tab., slovník, lit. 28 zázn. v angl., češ. a slov.
|c 29 cm
|e 21 voľ. príl.
|
| 500 |
|
|
|a Schválilo MŠ a vedy SR
|
| 655 |
|
7 |
|a učebnice
|2 SNK
|9 22521
|
| 852 |
|
|
|a Slovenská národná knižnica
|
| 919 |
|
|
|a 80-07-00620-6
|
| 954 |
|
|
|a podnikanie
|a služby
|
| 958 |
|
|
|a TL
|
| 958 |
|
|
|a UC
|
| 958 |
|
|
|a NB
|
| 999 |
|
|
|c 533049
|d 534979
|
| 952 |
|
|
|t P60, <04>, [BOOK], {604}
|a SNK
|b SNK
|y VYP
|7 0
|p 17A0007352
|o snkSB 52061 D1
|0 0
|1 0
|4 0
|d 1996-09-17
|l 0
|r 2004-12-31 00:00:00
|w 2026-02-23
|
| 952 |
|
|
|a SNK
|b SNK
|y PREZ
|7 0
|p 17A0904973
|o snkSB 52061
|0 0
|1 0
|4 0
|d 2012-07-17
|f 1
|l 0
|r 2025-03-14 00:00:00
|w 2026-02-23
|
| 952 |
|
|
|t Príloha: 21 voľných listov
|a SNK
|b SNK
|y PREZ
|7 0
|p 17A1020527
|o snkSB 52061/príl.
|i snkKSP 1216/94
|3 Príloha: 21 voľných listov
|0 0
|1 0
|4 0
|d 2012-11-28
|f 1
|l 0
|r 2025-03-14 00:00:00
|w 2026-02-23
|